| 000 | 00667nam a2200205Ia 4500 | ||
|---|---|---|---|
| 008 | 140626s9999 xx 000 0 und d | ||
| 100 | _aJung, Joo-Young. | ||
| 245 |
_aNeighborhood storytelling networks, Internet connectedness, and civic participation after the Great East Japan earthquake / _c Joo-Young ... [et al.].Jung |
||
| 260 | _cc2013. | ||
| 300 | _a23 : 6, page 637 | ||
| 440 | _aAsian Journal of Communication | ||
| 521 | _aMC | ||
| 650 | _aAge. | ||
| 650 | _aCivic engagement. | ||
| 650 | _aCommunication infrastructure. | ||
| 650 | _aInternet connectedness. | ||
| 650 | _aJapan earthquake. | ||
| 650 | _aStorytelling network. | ||
| 942 | _cSE | ||
| 999 |
_c121237 _d121237 |
||